|
|
|
|
| LEADER |
01183nam a22002537a 4500 |
| 001 |
33297 |
| 003 |
BD-DhAAL |
| 005 |
20180712112159.0 |
| 008 |
180712t2004 ii a|||| |||| 00| 0 ben d |
| 999 |
|
|
|c 39701
|d 39701
|
| 040 |
|
|
|a BD-DhAAL
|
| 082 |
|
|
|a 635.9
|
| 100 |
|
|
|a ঘোষ, বিজয়কৃষ্ণ
|9 26990
|
| 245 |
|
|
|a ফুলের বাগান /
|c বিজয়কৃষ্ণ ঘোষ ; ঋষিকৃষ্ণ দে
|
| 260 |
|
|
|a কলকাতা :
|b ভারতী বুক স্টল,
|c c১৯৮৭ [পঞ্চম সংস্করন ২০০৪]
|
| 300 |
|
|
|a ২৪০ পৃষ্ঠা :
|b চিত্র ;
|c ২২ সে. মি.
|
| 526 |
|
|
|a ARC
|
| 541 |
|
|
|e 33297
|
| 650 |
|
|
|a Flowers
|9 26991
|
| 650 |
|
|
|a Flowers
|x Pictorial works
|9 26992
|
| 650 |
|
|
|a Flower gardening
|9 26993
|
| 852 |
|
|
|a Department of Architecture
|c General Stacks
|
| 942 |
|
|
|2 ddc
|c BK
|
| 952 |
|
|
|0 0
|1 1
|2 ddc
|4 0
|6 635_900000000000000_GHO
|7 0
|9 63729
|a ARC
|b ARC
|c GEN
|d 2018-07-12
|l 0
|o 635.9 GHO
|p 3010033297
|r 2018-07-12
|t 1
|w 2018-07-12
|y BK
|x lost from the ARC department library and approved by the Dean (reasons personal books withdrawn by Hasibul Kabir Sir and Building shifting)
|